Statistics for All Kinds Of Fish (First and Last Letter) #1

Click here to take the quiz!

General Stats

  • This quiz has been taken 15 times
  • The average score is 5 of 10

Answer Stats

First and Last Letterfish% Correct
t and atuna
100%
c and dcod
92%
s and nsalmon
69%
t and ttrout
69%
t and atilapia
46%
c and hcatfish
38%
r and t two wordsrainbow trout
31%
c and p two wordscommon carp
15%
n and r three wordsnorthern red snapper
0%
n and p two wordsnorthen pike
0%

Score Distribution

Percentile by Number Answered

Percent of People with Each Score

Your Score History

You have not taken this quiz